| 000 | 00666cam a22002171 4500 | ||
|---|---|---|---|
| 001 | af 48003371 | ||
| 003 | DLC | ||
| 005 | 20260227110901.0 | ||
| 008 | 890411s1940 ne 000 0 dut c | ||
| 010 | _aaf 48003371 | ||
| 035 | _a(OCoLC)19533487 | ||
| 040 |
_aCalifornia. Univ. Libr. _cCU _dDLC |
||
| 042 | _apremarc | ||
| 050 | 0 | 0 |
_aPT5484 _b.M8 |
| 100 | 1 |
_aMüller, P.-H., _eed. |
|
| 245 | 1 | 0 |
_aNederlandsche historie dichten sedert 1527; _bde geschiedenis van ons land en volk weerspiegeld in de poëzie. |
| 260 |
_aAmsterdam, _bBigot & Van Rossum _c[1940] |
||
| 300 |
_a174 p. _c20 cm. |
||
| 440 | 3 |
_aDe Kolibri, _v3-4 |
|
| 651 | 0 |
_aNetherlands _xHistory _vPoetry. |
|
| 999 |
_c5546 _d5546 |
||